000 00862nam a22002535a 4500
005 20080910054018.0
008 080806s2008 ii a b 000 0 eng
010 _aENG-98457
020 _c250.00
035 _aEN-81990
037 _bDBAD / PUB
040 _adpl
_bEnglish
082 _a641.503
100 _97173
245 _aDictionary of cooking & food /
260 _aDelhi
_bAngel Books
_c2008
270 _a6/85, Karkari Road Shahdara,
_bDelhi
_e110032
300 _a192p.
_c23cm (Hb)
_bill
520 _aOn the activities of M.V. Foundation in fostering education for the children.
650 _aCooking
_97176
650 _aFood
_97208
942 _2ddc
_cEN
_mDIC
_h641.503
999 _c39565
_d39565